[Event "EU-Cup 21st"]
[Site "Saint Vincent"]
[Date "2005.09.18"]
[Round "1.1"]
[White "Sutovsky, Emil"]
[Black "Stefansson, Hannes"]
[Result "1-0"]
[WhiteElo "2674"]
[BlackElo "2579"]
[Annotator "Erenburg,S"]
[PlyCount "87"]
[EventDate "2005.09.18"]
[EventType "team-swiss"]
[EventRounds "7"]
[EventCountry "ITA"]
[SourceTitle "CBM 110"]
[Source "ChessBase"]
[SourceDate "2006.01.31"]
[SourceVersion "1"]
[SourceVersionDate "2006.01.31"]
[SourceQuality "1"]
[WhiteTeam "Saransk"]
[BlackTeam "Reykjavik Hellir"]
[WhiteTeamCountry "RUS"]
[BlackTeamCountry "ISL"]

{[%mdl 16]} 1. e4 e5 2. Nf3 Nc6 3. Bb5 Nf6 4. d3 d6 5. O-O Be7 {A rare
continuation. Usually Black prefers to fianchetto his dark-squared bishop, as
it is more active on the long diagonal. More popular possibilities are:} (5...
Bd7 {preventing White's possible move 6.d3-d4.} 6. c3 {White has the following
alternatives:} (6. d4 Be7 7. d5 Nb8 8. Bxd7+ Nbxd7 9. Re1 Nc5 10. Nc3 O-O 11.
Nd2 a5 12. Nb3 Ncd7 13. Be3 c6 14. a4 cxd5 15. exd5 b6 16. f4 Qc8 17. fxe5 dxe5
18. d6 Bd8 19. Qf3 $14 {0-1 McShane,L-Harikrishna,P/Tiayuan CHN 2005/The Week
in Chess 557 (80)}) (6. Re1 Be7 7. c3 O-O 8. Nbd2 Re8 9. Nf1 Bf8 10. h3 g6 11.
Be3 Bg7 12. Ng3 Na5 13. Bxd7 Qxd7 14. b4 Nc6 15. b5 Nd8 16. c4 Ne6 17. Ne2 c6
18. bxc6 bxc6 19. Qa4 Qc7 20. Rab1 {1/2-1/2 Rozentalis,E-Onischuk,A/Mallorca
2004/CBM 104 no vc (20)}) 6... g6 {preparing a fianchetto for the dark-squared
bishop.} (6... a6 7. Ba4 g6 8. Nbd2 Bg7 9. Re1 O-O 10. Nf1 Nh5 11. Bg5 Qe8 12.
Bb3 Kh8 13. Ne3 f5 14. Nd5 Rc8 15. exf5 gxf5 16. d4 e4 17. Nh4 Na5 18. Ne7 Nxb3
19. axb3 Ra8 20. f3 Qf7 21. fxe4 fxe4 22. Rf1 Qxf1+ 23. Qxf1 Rxf1+ 24. Rxf1 Rf8
25. Nhf5 Bf6 $15 {1-0 Timofeev,A-Aleksandrov,A/Izmir 2004/CBM 104 no vc (76)})
7. Nbd2 Bg7 8. Re1 O-O 9. Ba4 {White's light-squared bishop has nothing to do
on the a4-e8 diagonal. White transfers it to b3.} Qe8 {The location of the
queen on e8 is very successful, as it creates a quite unpleasant opposition
for White's light squared bishop. It should be noted, that Black's main plan
in this position is carrying out f7-f5. Usually black transfers his kingside
knight to h5, and then pushes his f-pawn forward. In this case, Black's queen
protects the h5 knight.} (9... Nh5 10. Nf1 Qe8 11. Bc2 Kh8 12. d4 f6 13. Ne3
Rc8 14. b3 Nf4 15. Bb2 Nd8 16. Qd2 Nf7 17. Rad1 Rd8 18. c4 c5 19. dxc5 dxc5 20.
Qa5 $16 {1-0 Azarov,S-Aleksandrov,A/Minsk 2000/EXT 2001 (60)}) 10. Bb3 ({
White didn't get anything after} 10. Nf1 {Erenburg} Nh5 11. Ne3 Kh8 12. Nd5 Rc8
13. Bc2 Ne7 14. d4 exd4 15. Nxd4 Nxd5 16. exd5 Qd8 17. Be3 Re8 18. a4 {1/2-1/2
Azarov,S-Aronian,L/Goa 2002/CBM 091 ext (18)}) 10... Nh5 11. Nf1 {transfering
the knight to g3.} ({Another possibility is} 11. Nc4 Kh8 12. d4 Bg4 13. dxe5
Nxe5 14. Ncxe5 dxe5 15. h3 Rd8 16. Qe2 Be6 17. Be3 a6 18. Rad1 Qe7 19. Qc2 $14
{1-0 Palac,M-Marcelin,C/France 2000/EXT 2001 (32)}) 11... Nd8 $146 {Black is
going to bring the knight to f4 via e6.} 12. d4 Ne6 13. Ng3 Nef4 (13... Nxg3
14. hxg3 Kh8 15. Be3 $14) (13... Nhf4 14. Be3 {[%cal Yd4d5]} Qe7 15. d5 Nc5 16.
Bc2 $14) 14. Be3 Qe7 15. Nxh5 $1 Nxh5 16. dxe5 dxe5 17. Qd5 $14 {1-0 Svidler,
P-Almasi,Z/Gothenburg 2005/CBM 109_01/[Erenburg] (49) attacking the pawn b7
and threatening with Bc5.}) (5... g6 6. d4 $5 {White loses the tempo, playing
twice with the same pawn. But, in this particular position White has a
development advantage and he can play aggressively. In this way, Emil gets a
space advantage.} Bd7 7. Re1 Bg7 8. d5 {White gets a space advantage on the
queenside. Actually, in positions with Indian pawn structure, White is
interested to change the light-squared bishops. The alternatives are:} (8. Bxc6
$6 Bxc6 9. dxe5 Nxe4 10. Qd3 dxe5 $1 11. Rxe4 Bxe4 12. Qxe4 Qd1+ 13. Qe1 O-O-O
14. Nc3 Qxc2 $15 {0-1 Guseinov,G-Aleksandrov,A/Batumi 2002/CBM 090/[Wedberg] 
(44)}) (8. dxe5 Nxe5 9. Bxd7+ Qxd7 10. Bg5 O-O 11. Nxe5 dxe5 12. Qxd7 Nxd7 $11
{1-0 Kupreichik,V-Levin,F/Germany 1995/GER-chT2 (58)}) (8. c3 O-O 9. Ba4 Qe8
10. Bc2 Bg4 11. d5 Ne7 12. Nbd2 Nh5 13. a4 Bh6 14. a5 Bxd2 15. Bxd2 f5 $13 {
0-1 Hamdouchi,H-Kayumov,S/Abu Dhabi 2004/CBM 103 (49)}) 8... Ne7 9. Bxd7+ Nxd7
{Black takes with the knight, in order to prepare the counterstrike f7-f5.
White's main plan with such a pawn structure is of course the development of
initiative on the queenside by c2-c4, b2-b4 with following c4-c5. In opposite,
Black creates counterplay on the kingside, pushing forward kingside pawns.} 10.
Be3 $146 {In the previous game White continued} (10. a4 O-O 11. a5 a6 12. c4 h6
13. Ra3 f5 14. b4 Nf6 15. Nbd2 Qd7 16. Qc2 g5 17. h3 Rac8 18. exf5 Qxf5 19. Qa2
$14 {1/2-1/2 Morozevich,A-Georgiev,K/Mallorca 2004/CBM 104 no vc (71)}) 10...
f5 {Black decides to attack wWhite's centre immediately. Other possibilities
are:} (10... O-O 11. c4 h6 12. Qd2 $14 {[%cal Gb1c3]}) (10... h6 11. c4 f5 12.
Nc3 O-O 13. b4 $14) 11. Ng5 $1 {[%cal Gg5e6] emphasizing the drawback of
Black's previous move.} Nf8 12. exf5 gxf5 13. f4 $1 {opening up the game,
using the vulnerable position of Black's king.} Qd7 14. c4 Neg6 {[%cal Gh7h6]
preparing to drive White's knight away from the active position.} 15. Nc3 h6
16. Nf3 e4 {Black closes the centre, althogh his king is not safe yet.} 17. Nd4
h5 $1 {preventing the occupation of the square h5 by White's queen.} {Black's
position is not bad at all from a strategical point of view. But, his monarch
is still in the centre. That's why White should play aggressively.} 18. Ncb5 {
[%csl Yb5][%cal Gd4f5,Gd4e6,Yb5c7]} Kf7 {Otherwise, Black would drive away the
knight from b5 with a7-a6.} 19. Ne6 $1 {White sacrifices the pawn, but this
makes the position of Black's king still more vulnerable.} Nxe6 20. dxe6+ Kxe6
21. Qd5+ $16 {1-0 Sutovsky,E-Kramnik,V/Dortmund 2005/CBM 108_01/[Erenburg] (51)
}) 6. Re1 {White doesn't define the positions of his queenside light pieces
yet, but first strengthens his centre.} ({Another possibility is} 6. Nbd2 O-O
7. Re1 $6 (7. c3 $142) 7... a6 8. Bxc6 (8. Ba4 b5 9. Bb3 Na5 $11) 8... bxc6 9.
d4 exd4 10. Nxd4 Bd7 11. b3 c5 12. Ne2 Ng4 13. h3 Bf6 14. Rb1 Ne5 $11 {1-0
Shirov,A-Navara,D/Prague CZE 2005/The Week in Chess 575 (35)}) 6... O-O {
Black is already threatening with the elimination of White's light-squared
bishop by a7-a6, b7-b5 with the following Na5.} 7. c3 {preparing the c2 square
for the light-squared bishop.} a6 {Other possibilities are:} (7... Bd7 8. Nbd2
Re8 9. Nf1 Bf8 10. Bg5 h6 (10... Ne7 $5 11. Bxf6 Bxb5 12. Bg5 Qd7 13. Ng3 f6
14. Be3 Kh8 15. d4 Qe6 16. a4 Bd7 17. d5 Qf7 $13 {0-1 Marta,M-Spano Cuomo,G/
Palocco 1998/EXT 2001 (40)}) 11. Bh4 Be7 12. a4 Nh7 13. Bg3 (13. Bxe7 Qxe7 14.
Ne3 Nf6 15. a5 a6 16. Bc4 $14) 13... Bg4 14. h3 Bh5 15. N1h2 a6 (15... Ng5 16.
Ng4 Bxg4 17. hxg4 Qd7 18. Nd2 a6 19. Bc4 Nh7 20. Nf1 $14) 16. Bc4 Qc8 17. Qc2
$14 {1-0 Ivanchuk,V-Alekseev,E/Istanbul 2003/CBM 096/[Wedberg] (59)}) (7... Nb8
8. d4 c6 9. Bf1 Nbd7 10. a4 Re8 11. a5 a6 12. Nbd2 Bf8 13. Qc2 Qc7 14. b4 $6 (
14. Nb3 $142 $5 c5 (14... d5 15. exd5 Nxd5 (15... cxd5 16. dxe5 Nxe5 17. Nxe5
Rxe5 18. Bf4 $18) 16. Bd3 $16) 15. d5 $14) 14... d5 15. exd5 cxd5 16. dxe5 Nxe5
17. Rxe5 Rxe5 18. Nxe5 Qxe5 19. Nf3 Qc7 20. Qd3 Bg4 21. Be3 Bxf3 22. Bb6 Qc6
23. Qxf3 Ne4 24. Bd4 Nd2 $11 {1/2-1/2 Timofeev,A-Chuprov,D/Kazan RUS 2005/The
Week in Chess 566 (38)}) 8. Ba4 Re8 {A typical maneouvre for the Ruy Lopez
Defence. Black transfers his rook to e8 in order to press White's centre along
the e-file, while, Black's dark-squared bishop is usually transfered to g7 via
f8.} ({In the game from the match between human players and engines Khalifman
prefered} 8... b5 9. Bb3 Na5 10. Bc2 c5 11. Nbd2 Nc6 12. Nf1 Re8 13. Ng3 Bf8
14. h3 g6 15. a3 Bg7 16. Be3 Qe7 17. b4 Bb7 18. Bb3 $14 {1-0 JUNIOR-Khalifman,
A/Bilbao ESP 2005 (65)}) 9. d4 {Emil immediately takes control over the centre,
that seems for me as the most principled and most ambitious continuation.} ({
Less principled is} 9. Nbd2 Bf8 10. d4 exd4 11. cxd4 b5 12. Bc2 Bg4 13. h3 Bh5
14. Nf1 d5 15. e5 Ne4 16. Ng3 (16. Bxe4 $2 dxe4 17. Rxe4 Rxe5 (17... Nxe5 18.
Rxe5 Rxe5 19. g4 Bxg4 20. hxg4 Re4 21. Ne3 c5 22. d5 Bd6 23. Qd3 $14) 18. Rxe5
Nxe5 19. g4 Nxf3+ 20. Qxf3 Bg6 $17) 16... Nxg3 17. fxg3 Nb4 18. Bb1 c5 19. dxc5
Bxc5+ 20. Kh2 Bg6 21. Bxg6 hxg6 22. a3 Nc6 23. Bf4 $13 {0-1 Vallejo Pons,
F-Cabrera,A/Albox ESP 2005/The Week in Chess 553 (66)}) 9... b5 10. Bc2 {
We've got the theoretical position, when White has carried out d2-d4 by two
moves, but transfered his light-squared bishop to c2 in one tempo.} (10. Bb3 {
leads to C91 with extra tempo for black- Re8 is already played.}) 10... exd4 ({
In case of} 10... Bg4 11. d5 {black's} Na5 {will not attack white's
light-squared bishop.} 12. h3 $14) 11. cxd4 $146 {A novelty in a rare position.
The capture with the pawn is surely much more logical than} (11. Nxd4 $6 Nxd4
$2 (11... Ne5 $142) 12. cxd4 c5 13. Nd2 Nd7 14. Nf3 Bb7 15. Bf4 $14 {1-0
Schoeneberg,M-Brameyer,H/Colditz 1967/EXT 99 (40)}) 11... Bg4 12. Nc3 {After
black has captured on d4, White has got the excellent square c3 for his
queenside knight.} Bf8 13. Bg5 {creating an unpleasant pin.} h6 14. Bh4 g5 {
Otherwise, it is a problem for Black to activate his pieces.} 15. Bg3 Bg7 16.
e5 {Black is very vulnerable on the long diagonal h1-a8 . That's why the
Israeli Grandmster drives Black's kingside knight away and gets the spot e4
for his light-squared bishop.} (16. Qd3 $6 Nb4 17. Qd2 Nxc2 18. Qxc2 Nh5 $132)
16... dxe5 ({An interesting alternative was} 16... Bxf3 17. gxf3 (17. Qxf3 Nxd4
18. Qd3 Nxc2 19. Qxc2 Nh5 $15) 17... dxe5 18. dxe5 Nd7 (18... Nh5 19. Be4 Nxe5
20. Bxa8 Qxa8 21. Bxe5 Rxe5 22. Rxe5 Bxe5 $13) 19. e6 (19. Be4 Ndxe5 20. Bxe5
Nxe5 21. Bxa8 Qxa8 22. Re3 Rd8 {[%cal Ye5c4]} 23. Qe2 Nc4 $15) 19... Rxe6 20.
Rxe6 fxe6 21. Be4 Nce5 22. Bxe5 Nxe5 23. Bxa8 Qxa8 24. Ne4 g4 25. Nd2 gxf3 26.
Qb3 $13) 17. dxe5 Nd7 18. h3 {trying to eliminate the improtant light-squared
bishop, or at least to drive away it from the diagonal c8-h3.} (18. Qd3 Bxf3 $1
19. Qxf3 Nd4 20. Qe4 Nxc2 {-see 18...Bxf3 without white's h2-h3...}) 18... Bh5
({Probably, Black could equalize after} 18... Bxf3 19. Qxf3 Nd4 $1 (19... Ncxe5
20. Qf5 $16) 20. Qd3 Nxc2 21. Qxc2 Nxe5 22. Rad1 Qf6 23. Nd5 Qc6 24. Qf5 Qg6
$11) 19. e6 $1 Rxe6 $2 {Probably, a mistake in calculations... Black should
have continued} (19... fxe6 20. Be4 (20. Qd3 Nf6 21. Qe3 Nb4 $15 {[%cal Yb4d5]}
) 20... Nd4 $13 21. Bxa8 $6 Qxa8 22. Re3 Rf8 23. Ne4 Nb6 $15 {[%cal Yb6d5]})
20. Rxe6 fxe6 21. Be4 Nd4 ({Interesting was} 21... Nde5 $5 {, but after} 22.
Nxe5 $1 (22. Bxe5 Nxe5 23. Bxa8 Qxa8 $15) 22... Bxd1 23. Nxc6 Qd2 24. Rxd1 {
White's chances should be better.} Qxb2 25. Ne7+ Kf8 26. Ng6+ Kg8 27. Bxa8 Bxc3
28. Rd8+ Kg7 29. Be4 $36) 22. Bxc7 $1 {This key move should have been seen
before White was playing 19.e6! Now White is winning an exchange.} Qxc7 (22...
Nxf3+ 23. gxf3 (23. Bxf3 Qxc7 24. Bxh5 Rf8 $132) 23... Qxc7 24. Bxa8 Nb6 25.
Be4 Nc4 26. Rb1 $16) 23. Bxa8 b4 24. Ne2 $1 {driving away Black's knight from
excellent position.} Nxf3+ 25. Bxf3 Bxf3 26. gxf3 Ne5 (26... Bxb2 27. Rb1 $16)
27. Qb3 $16 {White is an exchange up, and Black's king is vulnerable.} Qc4 {
Black is looking for survival chances in the endgame, this seems quite logical.
The problem is that his position is objectively lost..} (27... Qc6 {is met by}
28. Nd4 $16) 28. Qxc4 ({Weaker was} 28. f4 gxf4 (28... Qxe2 29. Qxe6+ Kh7 30.
fxe5 $18) 29. Qxc4 Nxc4 30. Nxf4 Bxb2 $14) 28... Nxc4 29. Rc1 Nxb2 30. Rc8+ Kf7
31. Ra8 $18 {White collects the a-pawn, that makes his position technically
winning.} Nd3 32. Rxa6 Bf8 33. Nd4 {activating the knight.} Nf4 34. Kh2 Bc5 35.
Nc2 Nd5 36. Kg2 Ke7 37. Ra8 {[%cal Ga8h8] threatening to win the h6 pawn.} Nf4+
38. Kf1 {Black's b4 pawn is much more important, than White's h3 pawn.} h5 39.
Rb8 Nxh3 (39... Nd5 {doesn't change too much.} 40. Ke2 $18 {White will bring
the king to the queenside and will collect the pawn b4.}) 40. Nxb4 {Now
nothing can stop White's pawn on the a-file.} Nf4 41. a4 h4 42. a5 h3 43. Kg1
Kd6 44. a6 1-0

[Event "NED-ch47"]
[Site "Eindhoven"]
[Date "1992.03.19"]
[Round "3"]
[White "Knoppert, Erik"]
[Black "Piket, Jeroen"]
[Result "0-1"]
[WhiteElo "2345"]
[BlackElo "2615"]
[Annotator "Ernst,T"]
[PlyCount "89"]
[EventDate "1992.03.17"]
[EventType "tourn"]
[EventRounds "11"]
[EventCountry "NED"]
[EventCategory "10"]
[SourceTitle "CBM 030"]
[Source "ChessBase"]
[SourceDate "1992.10.01"]
[SourceVersion "1"]
[SourceVersionDate "1992.10.01"]
[SourceQuality "1"]

1. e4 e5 2. Nf3 Nc6 3. Bb5 a6 4. Ba4 Nf6 5. O-O Nxe4 6. d4 Be7 7. Re1 (7. Qe2
f5 8. dxe5 O-O 9. c3 d5 10. exd6 Bxd6 11. Nbd2 Qe8 12. Re1 Qh5 13. Nc4 Bc5 14.
Be3 b5 15. Bb3 $16 {Ernst - Pyhälä, Gausdal 1990.}) 7... f5 8. dxe5 O-O 9. Nbd2
Nc5 10. Bxc6 dxc6 11. Nb3 Ne6 12. Nbd4 c5 13. Nxe6 Bxe6 14. Qxd8 Raxd8 15. Bg5
Kf7 $15 16. b3 h6 17. Bxe7 Kxe7 18. Re2 b6 19. Nd2 Rd4 20. Rae1 Rfd8 21. Nf1 c4
22. f3 b5 23. Kf2 c5 24. g3 c3 25. Re3 b4 $19 26. a3 Rd1 27. axb4 cxb4 28. Rxd1
Rxd1 29. Re1 Rxe1 30. Kxe1 Kd7 31. f4 Kc6 32. Ne3 Kc5 33. Kd1 a5 34. Ng2 Kd4
35. Nh4 Ke4 36. Ng6 Bf7 37. Ne7 g5 38. Nc6 gxf4 39. gxf4 Kxf4 40. Nxa5 Bd5 $1
41. e6 Bxe6 42. Nc6 Ke3 43. Nxb4 f4 44. Ke1 f3 45. Nd3 (45. Nd3 Bxb3 $19) 0-1

[Event "Copenhagen Open-02 (Politiken Cup-01)"]
[Site "Copenhagen"]
[Date "1980.06.28"]
[Round "6"]
[White "Poulsen, Allan"]
[Black "Pokojowczyk, Jerzy"]
[Result "1-0"]
[WhiteElo "2350"]
[BlackElo "2380"]
[Annotator "Ftacnik,L"]
[PlyCount "81"]
[EventDate "1980.06.23"]
[EventType "swiss"]
[EventRounds "10"]
[EventCountry "DEN"]
[SourceTitle "EXT 2000"]
[Source "ChessBase"]
[SourceDate "1999.11.16"]
[SourceVersion "1"]
[SourceVersionDate "1999.11.16"]
[SourceQuality "1"]

1. e4 e5 2. Nf3 Nc6 3. Bb5 a6 4. Ba4 Nf6 5. d4 exd4 6. O-O Be7 7. Re1 b5 8. Bb3
d6 9. Bd5 Nxd5 $2 (9... Bd7 $142 10. Nxd4 Nxd5 11. exd5 Nxd4 12. Qxd4 O-O) 10.
exd5 Ne5 11. Nxd4 O-O 12. a4 $1 (12. f4 $2 Bg4) 12... Bg4 $2 13. Qd2 Bd7 14.
Nc3 Re8 15. b3 b4 16. Ne4 a5 17. Bb2 Bf8 18. f4 Ng4 {/\Nf6} 19. Nf3 $1 Nh6 20.
Neg5 Bf5 21. h3 Qd7 22. Nd4 (22. g4 $2 f6 $1) 22... Rxe1+ 23. Rxe1 Re8 24. Rxe8
Qxe8 25. g4 Bd7 26. Kf2 f6 $1 27. Ngf3 (27. Nge6 c5 $1) 27... Qe4 28. Nb5 c6
29. dxc6 Bxc6 30. Nbd4 Bd7 31. Qe2 Qxf4 32. Qc4+ Nf7 33. Qd5 $1 Qh6 34. Kg2 Qe3
35. Qxa5 d5 36. Qxd5 Bd6 37. a5 h5 $2 38. a6 hxg4 39. hxg4 Bxg4 40. a7 Qh6 41.
a8=Q+ 1-0